Miraculous Ladybug, Les Porteurs - Statistiques

Statistiques générales
  • Ce quiz a été pris 904 fois
  • Le résultat moyen est 10 sur 21
Statistiques - réponses
Par images Réponse % Correct
Chat Noir
99%
Ladybug
98%
Papillon
97%
Rena Rouge
83%
Carapace
78%
Vesperia
53%
Vipérion
51%
Bunnyx
42%
Pégase
40%
Roi Singe
38%
Tigresse Pourpre
38%
Pigella
36%
Ladydragon
35%
Ryuko
33%
Argos
30%
Coq Courage
30%
Caprikid
25%
Polymouse
23%
Traquemoiselle
23%
Minotaurox
22%
Eagle
19%
Aucun quiz correspondant
Distribution des résultats
% des personnes avec chaque résultat
Percentile par nombre de réponses
Votre historique - résultats
Vous n’avez pas pris ce quiz